LEADER 01604nam 2200373 a 450 001 9910698871803321 005 20090511133312.0 035 $a(CKB)5470000002397146 035 $a(OCoLC)320776654 035 $a(EXLCZ)995470000002397146 100 $a20090511d2008 ua 0 101 0 $aeng 135 $aurmn||||||||| 181 $ctxt$2rdacontent 182 $cc$2rdamedia 183 $acr$2rdacarrier 200 10$aFlood insurance$b[electronic resource] $eFEMA's rate-setting process warrants attention : report to the Ranking Member, Committee on Banking, Housing, and Urban Affairs, U.S. Senate 210 1$a[Washington, D.C.] :$cU.S. Govt. Accountability Office,$d[2008] 215 $aii, 49 pages $cdigital, PDF file 300 $aTitle from title screen (viewed on May 5, 2009). 300 $a"October 2008." 300 $a"GAO-09-12." 320 $aIncludes bibliographical references. 330 $aThis report evaluates (1) the Federal Emergency Management Agency's (FEMA) process for setting full-risk rates to determine whether it produces rates that accurately reflect the risk of flooding and (2) the process that FEMA uses to set subsidized rates and their effect on the financial condition of NFIP. 517 $aFlood insurance 606 $aFlood insurance$xRates$zUnited States 615 0$aFlood insurance$xRates 712 02$aUnited States.$bCongress.$bSenate.$bCommittee on Banking, Housing, and Urban Affairs. 801 0$bGPO 801 1$bGPO 906 $aBOOK 912 $a9910698871803321 996 $aFlood insurance$93429017 997 $aUNINA LEADER 01080nam0 22002891i 450 001 RML0307799 005 20231121125749.0 100 $a20121121d2007 ||||0itac50 ba 101 | $aita 102 $ait 181 1$6z01$ai $bxxxe 182 1$6z01$an 200 1 $a˜I œparadossi della fiducia$escelte razionali e dinamiche interpersonali$fVittorio Pelligra 210 $aBologna $cil Mulino $d©2007 215 $a292 p.$d21 cm 606 $aInterazione sociale$2FIR$3RMLC188890$9I 606 $aFiducia$2FIR$3RMLC419863$9I 676 $a302$9INTERAZIONE SOCIALE$v21 700 1$aPelligra$b, Vittorio$3RMLV198416$0140480 801 3$aIT$bIT-01$c20121121 850 $aIT-FR0098 899 $aBiblioteca Area Giuridico Economica$bFR0098 912 $aRML0307799 950 0$aBiblioteca Area Giuridico Economica$d 53DIPSE 302/13$e 53VM 0000779005 VM barcode:BAGE012242. - Inventario:700. - Fondo:Sala consultazioneVM$fA $h20090122$i20121204 977 $a 53 996 $aParadossi della fiducia$966210 997 $aUNICAS